Русская литература в историко-функциональном освещении (Запис № 334443)

МАРК-запис
000 -Лідер
fixed length control field 00659nam a22002177a 4500
001 - Контрольний номер
control field 48340
003 - Ідентифікатор контрольного номера
control field UA-OsUOA
005 - Дата та час останнього входження (трансакції)
control field 20211014184615.0
007 - Фіксоване поле фізичного опису
fixed length control field ta
008 - Елементи даних фіксованої довжини – загальна інформація
fixed length control field 20070904b un ||||| |||| 00| 0 ukr d
040 ## - Джерело каталогізації
Агенція оригінальної каталогізації UA-OsUOA
Мова каталогізації rus
Агенція, яка здійснювала перезапис UA-OsUOA
Агенція, яка здійснювала модифікацію UA-OsUOA
041 ## - Код мови
Код мови тексту/ звукової доріжки чи окремого заголовка (П) rus
080 ## - Індекс Універсальної десяткової класифікації
Індекс Універсальної десяткової класифікації (УДК) (НП) 82.09
090 ## - Локальний шифр розміщення
Класифікаційний індекс УДК 82.09
Авторський знак (НП) Р89
245 ## - Відомості про назву
Назва (НП) Русская литература в историко-функциональном освещении
Дані про відповідальність (НП) отв. ред. Осьмаков Н. В.
260 ## - Публікація, розповсюдження і т.п. (Вихідні дані)
Місце публікації, розповсюдження і т.п. (П) М.
Ім’я/ наймення видавництва, розповсюджувача і т.п. (П) Наука
Дата публікації, розповсюдження і т.п. (П) 1979
300 ## - Фізичний опис
Обсяг 301 с.
650 #7 - Додаткове предметне введення – тематичний термін
Тематичний термін чи географічна назва, як елемент введення (НП) 82 Література. Літературознавство
Джерело заголовка чи терміна UDC
942 ## - Додаткові елементи входу (Коха)
Тип елемента Koha Книги
Source of classification or shelving scheme Universal Decimal Classification
955 ## - Код типу видання за змістом
Код типу видання за змістом (НП) Навчальні видання
Фонди
Стан вилучень Стан втрат Джерело класифікації або схеми стелажів Стан уражень Не для кредиту Код колекції Постійне місце розташування Поточне розміщення Дата придбання Джерело придбання Вартість, звичайна ціна покупки Інвентарний номер Усього замовленно Повний номер виклику Штрих-код Дата останнього перегляду Ціна ефективна від Тип елемента Koha
    Universal Decimal Classification     Колекція Жулинського М.Г. ЧЗ - Читальна зала ЧЗ - Читальна зала 04/09/2007 142/2007 5.00 107058   82.09 Р89 107058 06/02/2022 04/09/2007 Книги
    Universal Decimal Classification     Колекція Крекотня В. І. ЧЗ - Читальна зала ЧЗ - Читальна зала 04/10/2012   7.00 92412   82.09 Р89 92412 07/02/2022 04/09/2007 Книги